Budowa oka człowieka - Statystyki

Ogólne statystyki
  • Ten quiz został rozwiązany 1 231 razy
    1 230 od ostatniego zresetowania
  • Średni wynik to 5 z 17
Odpowiedzi na mapie
Odpowiedzi zakodowano w zielono-czerwonej skali na mapie do tego quizu, zgodnie z poniższymi procentami.
 
Statystyki odpowiedzi
Odpowiedź % Poprawnych
Ciało szkliste
52%
Źrenica
50%
Soczewka
43%
Tęczówka
37%
Siatkówka
32%
Nerw wzrokowy
31%
Rogówka
30%
Plamka ślepa
29%
Plamka żółta
26%
Naczyniówka
25%
Mięśnie proste
24%
Twardówka
22%
Komora przednia
20%
Mięśnie rzęskowe
20%
Spojówka
18%
Wiązadła rzęskowe
14%
Komora tylna
8%
Nie znaleziono quizów pasujących do podanych kryteriów
Rozkład punktacji
Procent ludzi z każdym wynikiem
Percentyl według liczby udzielonych odpowiedzi
Twoja historia wyników
Nie rozwiązałeś tego quizu od ostatniego zresetowania